| 000 | 00501nam a2200193Ia 4500 | ||
|---|---|---|---|
| 008 | 151119s9999||||xx |||||||||||||| ||und|| | ||
| 082 | _a301.23 | ||
| 082 | _bGKKV9 | ||
| 100 | _aमोहाडीकर लीना | ||
| 245 | _aकामरंग | ||
| 260 | _a-- | ||
| 260 | _b-- | ||
| 260 | _c0 | ||
| 600 | _aमोहाडीकर लीना | ||
| 630 | _aकामरंग | ||
| 700 | _aमोहाडीकर लीना | ||
| 730 | _aकामरंग | ||
| 942 | _cBOOK | ||
| 999 |
_c1056950 _d1056947 |
||